000
00307nam a2200121 a 4500
005
20141022142001.0
008
100914s19uu xx 00 eng d
050
_a
DVD
_b
B27 2005
100
_a
Baron, James
245
_a
Building Personal Networks.
260
_b
Standford University,
_c
2005.
942
_c
AVM
999
_c
276245
_d
276245